书目信息 |
| 题名: |
空气净化喷剂
|
|
| 作者: | 杜峰, 主编 | |
| 分册: | ||
| 出版信息: | 北京 科学出版社 2020.03 |
|
| 页数: | 163页 | |
| 开本: | 24cm | |
| 丛书名: | ||
| 单 册: | ||
| 中图分类: | X51 | |
| 科图分类: | ||
| 主题词: | 室内空气--shi nei kong qi--空气净化 | |
| 电子资源: | ||
| ISBN: | 978-7-03-064637-8 | |
| 000 | 01114nam0 2200277 450 | |
| 001 | 202020140329 | |
| 005 | 20200926181352.0 | |
| 010 | @a978-7-03-064637-8@dCNY99.00 | |
| 100 | @a20200918d2020 em y0chiy50 ea | |
| 101 | 0 | @achi |
| 102 | @aCN@b110000 | |
| 105 | @aa a 000yy | |
| 106 | @ar | |
| 200 | 1 | @a空气净化喷剂@Akong qi jing hua pen ji@f杜峰主编 |
| 210 | @a北京@c科学出版社@d2020.03 | |
| 215 | @a163页@c图@d24cm | |
| 312 | @a英文题名取自封面 | |
| 314 | @a杜峰, 1971年生, 博士, 教授, 博士生导师。现为国家科技专家库专家。 | |
| 320 | @a有书目 | |
| 330 | @a本书围绕空气净化喷剂类型及原理、空气净化喷剂技术标准与风险控制、空气净化喷剂应用等分章予以介绍, 重点围绕不同来源与不同反应原理的空气净化喷剂进行介绍, 并结合近十年来学界、产业界最新研发动向, 对空气净化新喷剂的研发及新技术的引入等给读者做了较为细致的比较分析, 结合编者在该领域的研究成果及经验提出了较为合理的建议。 | |
| 510 | 1 | @aAir purification spray@zeng |
| 606 | 0 | @a室内空气@Ashi nei kong qi@x空气净化 |
| 690 | @aX51@v5 | |
| 701 | 0 | @a杜峰,@Adu feng@f1971-@4主编 |
| 801 | 0 | @aCN@c20200427 |
| 905 | @a河南城建学院图书馆@dX51@eD812 | |
| 空气净化喷剂/杜峰主编.-北京:科学出版社,2020.03 |
| 163页:图;24cm |
| ISBN 978-7-03-064637-8:CNY99.00 |
| 本书围绕空气净化喷剂类型及原理、空气净化喷剂技术标准与风险控制、空气净化喷剂应用等分章予以介绍, 重点围绕不同来源与不同反应原理的空气净化喷剂进行介绍, 并结合近十年来学界、产业界最新研发动向, 对空气净化新喷剂的研发及新技术的引入等给读者做了较为细致的比较分析, 结合编者在该领域的研究成果及经验提出了较为合理的建议。 |
| ● |
| 相关链接 |
|
|
|
正题名:空气净化喷剂
索取号:X51/D812
 
预约/预借
| 序号 | 登录号 | 条形码 | 馆藏地/架位号 | 状态 | 备注 |
| 1 | 1490553 | 214905539 | 自科库501/501自科库 68排6列1层/ [索取号:X51/D812] | 在馆 |